[Event "11th EICC Women"]
[Site "Rijeka CRO"]
[Date "2010.03.12"]
[Round "7"]
[White "Severiukhina,Z"]
[Black "Danelia,M"]
[Result "1/2-1/2"]
[WhiteElo "2355"]
[BlackElo "2199"]

1.e4 c5 2.Nf3 d6 3.d4 cxd4 4.Nxd4 Nf6 5.Nc3 a6 6.f3 e6 7.Be3 Nc6 8.Qd2 Be7
9.O-O-O O-O 10.g4 Nxd4 11.Bxd4 Nd7 12.h4 b5 13.g5 b4 14.Ne2 a5 15.Ng3 Qc7
16.f4 Nc5 17.Kb1 Bb7 18.Bg2 Rfd8 19.c4 Bf8 20.Rc1 a4 21.f5 Bc6 22.f6 Nb3
23.axb3 axb3 24.Qxb4 Rdb8 25.Qc3 Ra4 26.Rcd1 Rxc4 27.Qxc4 Bxe4+ 28.Bxe4 Qxc4
29.fxg7 Bxg7 30.Bxg7 Kxg7 31.Rxd6 Qa4 32.Rc6 Qa2+ 33.Kc1 Qa1+ 34.Bb1 Qa8
35.Rc3 Rc8 36.Rxc8 Qxc8+ 37.Kd2 Qd7+ 38.Ke3 Qa7+ 39.Kf3 Qd4 40.Be4 Qxb2 41.Rd1 Qc3+
42.Rd3 Qc1 43.Nh5+ Kf8 44.Nf6 b2 45.Rd8+ Ke7 46.Rd7+ Kf8 47.Rb7 Qf1+ 48.Ke3 Qe1+
49.Kd4 Qf2+ 50.Ke5 Qg3+ 51.Kd4 Qf2+ 52.Ke5 Qg3+ 53.Kd4  1/2-1/2

[Event "26th Budapest Spring Festival"]
[Site "Budapest HUN"]
[Date "2010.03.28"]
[Round "9"]
[White "Kahn,E"]
[Black "Nguyen Thi Mai Hung"]
[Result "1-0"]
[WhiteElo "2231"]
[BlackElo "2224"]

1.e4 c5 2.Nf3 d6 3.d4 cxd4 4.Nxd4 Nf6 5.Nc3 a6 6.f3 e6 7.Be3 Be7 8.Qd2 b5
9.g4 Bb7 10.O-O-O O-O 11.g5 Nfd7 12.h4 Nc6 13.Nxc6 Bxc6 14.Bd3 Qc7 15.h5 Ne5
16.g6 b4 17.h6 fxg6 18.hxg7 Kxg7 19.Qh2 h5 20.Rdg1 Kf7 21.Rxg6 Nxg6 22.e5 Rh8
23.Bxg6+ Kxg6 24.Qf4 Bf8 25.Qf6+  1-0

[Event "33rd Open"]
[Site "Donostia ESP"]
[Date "2010.04.01"]
[Round "6"]
[White "Martinez Pelaez,D"]
[Black "Garro Beraza,H"]
[Result "0-1"]
[WhiteElo "1960"]
[BlackElo "2075"]

1.e4 c5 2.Nf3 d6 3.d4 cxd4 4.Nxd4 Nf6 5.Nc3 a6 6.f3 e6 7.Be3 Be7 8.Qd2 O-O
9.O-O-O Nc6 10.g4 Nxd4 11.Bxd4 b5 12.g5 Nd7 13.h4 Qc7 14.h5 b4 15.Ne2 Ne5
16.Ng1 Nc6 17.Be3 a5 18.g6 fxg6 19.hxg6 hxg6 20.Qh2 Bd7 21.Qh7+ Kf7 22.Qh2 Ne5
23.Bd3 Bf6 24.Nh3 Nxf3 25.Qg3 Ne5 26.Rhg1 Rac8 27.Rg2 Bc6 28.Kb1 Ba4 29.Rf1 Ke7
30.Nf4 Be8 31.Qh3 Bf7 32.Rgg1 g5 33.Ne2 g4 34.Qg2 Rh8 35.Rh1 Rxh1 36.Qxh1 Qd8
37.Bf4 Qh8 38.Qg2 Qh3 39.Qxh3 gxh3 40.Rh1 Rh8 41.Ng1 g5 42.Bxe5 Bxe5 43.Rxh3 Rxh3
44.Nxh3 g4 45.Ng1 g3 46.Bf1 Bh5 47.Bg2 Kf6 48.Nh3 Bd4 49.a3 Bg4 50.axb4 axb4
51.c3 bxc3 52.bxc3 Bxc3 53.Kc2 Bd4 54.Kd3 Bb6 55.Kc4 Be2+ 56.Kc3 Ke5 57.Kd2 Bb5
58.Ng5 Bc5 59.Nh3 Kd4 60.Nf4 Bb4+ 61.Kd1 Bc4 62.Ne2+ Ke3 63.Nc1 Kf2 64.Bh3 g2
65.Bxg2 Kxg2  0-1

[Event "33rd Open"]
[Site "Donostia ESP"]
[Date "2010.04.02"]
[Round "7"]
[White "Garro Beraza,H"]
[Black "Acosta Garcia,A"]
[Result "1-0"]
[WhiteElo "2075"]
[BlackElo "2327"]

1.e4 c5 2.Nf3 d6 3.d4 cxd4 4.Nxd4 Nf6 5.Nc3 a6 6.f3 e5 7.Nb3 Be6 8.Be3 Nbd7
9.Qd2 b5 10.O-O-O Nb6 11.Qf2 Nfd7 12.Kb1 Rc8 13.Nd5 Bxd5 14.exd5 Nc4 15.Bxc4 bxc4
16.Nd2 c3 17.Ne4 cxb2 18.g4 Be7 19.h4 O-O 20.Ng3 Qc7 21.Nf5 Bd8 22.h5 Re8
23.g5 a5 24.g6 fxg6 25.hxg6 hxg6 26.Rdg1 Nf8 27.Qh2 Bf6 28.Bg5 Kf7 29.Bxf6 Kxf6
30.Nh4 g5 31.Qg2 Nh7 32.Nf5 Kxf5 33.Rxh7 Kg6 34.Rh3 Qe7 35.Rg3 Rc7 36.Rxg5+ Kh7
37.Rh5+ Kg8 38.Qg6 Qf7 39.Qh7+ Kf8 40.Rf5 Qxf5 41.Qxf5+ Kg8 42.Qg6 Rd8 43.Rh1 Rcd7
44.Qh7+ Kf8 45.Qf5+ Kg8 46.Qe6+ Rf7 47.Rh5  1-0

[Event "Easter Open"]
[Site "Medellin COL"]
[Date "2010.04.03"]
[Round "7"]
[White "Guerrero,JuC"]
[Black "Panesso Rivera,H"]
[Result "1-0"]
[WhiteElo "2193"]
[BlackElo "2290"]

1.e4 c5 2.Nf3 d6 3.d4 cxd4 4.Nxd4 Nf6 5.Nc3 a6 6.f3 e6 7.Be3 Be7 8.Qd2 O-O
9.O-O-O Nc6 10.g4 Nd7 11.Kb1 Nde5 12.Qg2 Nxd4 13.Bxd4 Nc6 14.Be3 b5 15.g5 Qa5
16.h4 b4 17.Ne2 d5 18.exd5 b3 19.cxb3 Nb4 20.a3 Nxd5 21.Bd2 Qb6 22.Nc1 e5
23.Bc4 Bf5+ 24.Ka2 Rfd8 25.Qe2 a5 26.Qxe5 Qc5 27.Rhe1 a4 28.Qxf5 axb3+ 29.Bxb3  1-0

[Event "33rd Open"]
[Site "Donostia ESP"]
[Date "2010.04.04"]
[Round "9"]
[White "Diez Fraile,D"]
[Black "Rodriguez Cabrera,F"]
[Result "1-0"]
[WhiteElo "2168"]
[BlackElo "1962"]

1.e4 c5 2.Nf3 d6 3.d4 cxd4 4.Nxd4 Nf6 5.Nc3 a6 6.f3 e6 7.Be3 Nc6 8.Qd2 Qc7
9.O-O-O b5 10.g4 Bb7 11.h4 Be7 12.g5 Nd7 13.h5 Nb6 14.h6 g6 15.Nxc6 Bxc6
16.Qd4  1-0

[Event "1st LUCOPEN"]
[Site "Lille FRA"]
[Date "2010.04.04"]
[Round "2"]
[White "Lai,A"]
[Black "Doucin,P"]
[Result "0-1"]
[WhiteElo "1947"]
[BlackElo "1720"]

1.e4 c5 2.Nf3 d6 3.d4 cxd4 4.Nxd4 Nf6 5.Nc3 a6 6.f3 e5 7.Nb3 Be7 8.Bc4 Nbd7
9.Be3 Nb6 10.Bxb6 Qxb6 11.Qd3 Qc7 12.O-O-O b5 13.Bd5 Rb8 14.Kb1 Bd7 15.Nc1 O-O
16.Bb3 a5 17.Nd5 Nxd5 18.Bxd5 a4 19.Ne2 Rfc8 20.g4 b4 21.Ng3 Bb5 22.Qd2 g6
23.h4 a3 24.b3 Qc3 25.Qxc3 Rxc3 26.Nf1 Be2 27.Rd2 Bxf3 28.Rg1 Bxh4 29.Nh2 Bg5
30.Rf2 Be3 31.Rxf3 Bxg1 32.Rxf7 Kh8 33.Nf3 Re3 34.Kc1 Rxf3 35.Rxf3 Kg7 36.Rf7+ Kh6
37.Rd7 Bc5 38.Rf7 Rh8 39.Kd2 Kg5 40.Be6 Kh4 41.Ke2 Kg5 42.Rf3 Kh4 43.Kf1 d5
44.exd5 Rf8 45.Kg2 Rxf3 46.Kxf3 Kg5 47.Ke4 Kf6 48.g5+ Kxg5 49.Kxe5 Bg1 50.Ke4 Bh2
51.Kf3 Kf6 52.Kg4 Be5 53.Kh4 h5 54.Bc8 Bd6 55.Be6 Be5 56.Bc8 Bd6 57.Be6 Be7
58.Kg3 g5 59.Kf3 Ke5 60.Bf7 h4 61.Be6 Kd4 62.Ke2 Kc3 63.Kd1 Kb2 64.Kd2 Kxa2
65.Kc1 Bd6 66.c3 Kxb3 67.Kb1 Kxc3  0-1

[Event "FSIM April"]
[Site "Budapest HUN"]
[Date "2010.04.07"]
[Round "5"]
[White "Franklin,S"]
[Black "Szabo,Ben"]
[Result "1/2-1/2"]
[WhiteElo "2196"]
[BlackElo "2326"]

1.e4 c5 2.Nf3 d6 3.d4 cxd4 4.Nxd4 Nf6 5.Nc3 a6 6.f3 e5 7.Nb3 Be6 8.Be3 Nbd7
9.g4 Nb6 10.g5 Nh5 11.Qd2 Be7 12.O-O-O O-O 13.Rg1 Qc7 14.Qf2 Bd8 15.Qd2 Be7
16.Qf2 Nc4 17.Bxc4 Qxc4 18.Nd5 Bxd5 19.Rxd5 Rac8 20.Kb1 g6 21.Rd3 f5 22.gxf6 Nxf6
23.Qd2 Qc7 24.Bg5 Ne8 25.Bxe7 Qxe7 26.Nc1 Rc6 27.Rd1 Rf7 28.Ne2 Qf8 29.Qb4 b5
30.Qb3 Kg7 31.Qd5 Rfc7 32.c3 Nf6 33.Qe6 Re7 34.Qb3 Rf7 35.Qe6 Ne8 36.Qd5 Rcc7
37.Qa8 Rxf3 38.Qxa6 Rxd3 39.Rxd3 b4 40.Rd1 bxc3 41.Nxc3 Qf2 42.Qe2 Qa7 43.Rf1 Nf6
44.Qf3 Rf7 45.a4 h5 46.h3 Qc7 47.Qe3 Kh7 48.Qg5 Ne8 49.Rg1 Rg7 50.Rg3 Qc4
51.Rf3 Rb7 52.Qd2 Qb4 53.Rf2 Ng7 54.Rf6  1/2-1/2

[Event "FSIM April"]
[Site "Budapest HUN"]
[Date "2010.04.09"]
[Round "7"]
[White "Franklin,S"]
[Black "Farago,S"]
[Result "1-0"]
[WhiteElo "2196"]
[BlackElo "2256"]

1.e4 c5 2.Nf3 d6 3.d4 cxd4 4.Nxd4 Nf6 5.Nc3 a6 6.f3 e6 7.Be3 Be7 8.Qd2 b5
9.O-O-O Bd7 10.g4 Nc6 11.g5 Nh5 12.Nxc6 Bxc6 13.Bh3 b4 14.Ne2 Qa5 15.Kb1 g6
16.Bg4 Ng7 17.h4 d5 18.Bd4 Rg8 19.Bf6 h5 20.Bh3 Rd8 21.Nd4 Bb7 22.Qf4 Qb6
23.Rhe1 Rd7 24.Rd2 Bd6 25.Be5 Bxe5 26.Qxe5 Qd6 27.Qf6 Qg3 28.Rh1 Re7 29.Ne2 Qc7
30.exd5 Bxd5 31.Rhd1 Rd7 32.Nf4 Bc6 33.Bxe6 Rxd2 34.Rxd2 Nxe6 35.Nxe6 fxe6
36.Qxe6+ Kf8 37.Qf6+ Qf7 38.Qxc6 Qe7 39.Rd1 a5 40.b3 Qe5 41.Rd8+ Kg7 42.Rxg8+ Kxg8
43.Qxg6+ Kf8 44.Qf6+ Qxf6 45.gxf6 Kf7 46.c4 bxc3 47.a3 Kxf6 48.b4 axb4 49.axb4 Ke5
50.b5 Kd5 51.Kc2 Kc5 52.Kxc3 Kxb5 53.Kd4 Kc6 54.Ke5 Kd7 55.Kf6 Kd6 56.f4 Kd5
57.f5 Ke4 58.Kg5 Ke5 59.f6 Ke6 60.Kg6  1-0

[Event "ch-UKR"]
[Site "Alushta UKR"]
[Date "2010.05.03"]
[Round "1"]
[White "Pavlov,Ma"]
[Black "Savvopulo,A"]
[Result "1-0"]
[WhiteElo "2383"]
[BlackElo "2100"]

1.e4 c5 2.Nf3 d6 3.d4 cxd4 4.Nxd4 Nf6 5.Nc3 a6 6.f3 e5 7.Nb3 Be6 8.Be3 Nbd7
9.g4 h6 10.Qd2 Nb6 11.O-O-O Rc8 12.Kb1 Be7 13.Qe1 Qc7 14.h4 Nfd7 15.Be2 Nc5
16.Nxc5 dxc5 17.Nd5 Bxd5 18.exd5 c4 19.g5 h5 20.Bf1 Nd7 21.Bh3 O-O 22.d6 Bxd6
23.Qd2 Bc5 24.Bxd7 c3 25.Qxc3 Bxe3 26.Qxe3 Qxc2+ 27.Ka1 Rcd8 28.Qxe5 Qg2
29.Rhe1 Qxf3 30.a3 b5 31.Qe4 Qb3 32.g6 Kh8 33.Rd3 Qc2 34.Qf5 fxg6 35.Qxg6 Qc5
36.Bf5 Qxf5 37.Qxf5  1-0

[Event "ch-Commonwealth"]
[Site "Delhi IND"]
[Date "2010.05.10"]
[Round "1"]
[White "Ponkshe,S"]
[Black "Shyam,N"]
[Result "0-1"]
[WhiteElo "1807"]
[BlackElo "2385"]

1.e4 c5 2.Nf3 d6 3.d4 cxd4 4.Nxd4 Nf6 5.Nc3 a6 6.f3 e5 7.Nb3 Be6 8.Be3 Nbd7
9.Qd2 h5 10.O-O-O b5 11.Nd5 Bxd5 12.exd5 Nb6 13.Bxb6 Qxb6 14.Na5 g6 15.Kb1 Rc8
16.Qb4 Qc7 17.c4 Bh6 18.Nc6 bxc4 19.Bxc4 Ra8 20.Qa4 O-O 21.h4 Rfe8 22.g4 Bf4
23.Bd3 Kg7 24.Rdg1 Rh8 25.gxh5 Nxh5 26.Qc2 Rh6 27.Rg4 Nf6 28.Rgg1 Nxd5 29.Be4 Ne3
30.Qd3 d5 31.Bxd5 Nxd5 32.Qxd5 Rc8 33.Nb4 Be3 34.Re1 Rxh4 35.Nd3 Rxh1 36.Rxh1 Qc2+
37.Ka1 Bd4 38.Qe4 f5 39.Qb7+ Qc7 40.Qxa6 Bxb2+ 41.Kb1 Qc2+  0-1

[Event "TCh-UKR Clubs"]
[Site "Alushta UKR"]
[Date "2010.05.18"]
[Round "8"]
[White "Chulivska,V"]
[Black "Savchenko,S"]
[Result "0-1"]
[WhiteElo "2265"]
[BlackElo "2553"]

1.e4 c5 2.Nf3 d6 3.d4 cxd4 4.Nxd4 Nf6 5.Nc3 a6 6.f3 e5 7.Nb3 Be6 8.Be3 h5
9.Qd2 Nbd7 10.O-O-O Qc7 11.Qf2 b5 12.Kb1 Be7 13.Rg1 Rb8 14.h3 h4 15.g3 hxg3
16.Rxg3 g6 17.Rg1 Nb6 18.a3 Nc4 19.Nd5 Nxd5 20.exd5 Bf5 21.Bd3 Bxd3 22.cxd3 Nxe3
23.Qxe3 Qb7 24.d4 Qxd5 25.dxe5 Qxe5 26.Qa7 O-O 27.Qxa6 Bf6 28.Rg2 Qf5+ 29.Ka2 Qxf3
30.Rdg1 Be5 31.Qa5 b4 32.Qc7 bxa3 33.Qc2 Bg7 34.Rg3 Qa8 35.bxa3 Rfc8 36.Qd2 Qa6
37.R1g2 Ra8 38.Nd4 Qc4+ 39.Nb3 d5 40.Rg4 d4 41.h4 Qa6  0-1

[Event "2nd Kahraman Olgac Mem"]
[Site "Instanbul TUR"]
[Date "2010.05.27"]
[Round "8"]
[White "Erdogdu,M"]
[Black "Kulaots,K"]
[Result "0-1"]
[WhiteElo "2458"]
[BlackElo "2572"]

1.e4 c5 2.Nf3 d6 3.d4 cxd4 4.Nxd4 Nf6 5.Nc3 a6 6.Be3 Ng4 7.Bc1 Nf6 8.f3 e5
9.Nb3 Be6 10.Be3 h5 11.Qd2 Nbd7 12.O-O-O Qc7 13.h3 b5 14.Kb1 Rb8 15.Bd3 b4
16.Ne2 a5 17.g4 a4 18.Nbc1 h4 19.g5 Nh5 20.f4 exf4 21.Bxf4 a3 22.Nd4 Nxf4
23.Qxf4 Ne5 24.g6 Be7 25.Bb5+ Rxb5 26.Nxb5 Qb6 27.gxf7+ Bxf7 28.Nd4 axb2
29.Ncb3 Bf6 30.Rhf1 O-O 31.Qh2 Ra8 32.Kxb2 Qa7 33.a4 Nc4+ 34.Kb1 Qxa4  0-1

[Event "4th ACP World Rapid Cup"]
[Site "Odessa UKR"]
[Date "2010.05.28"]
[Round "3.1"]
[White "Karjakin,Sergey"]
[Black "Grischuk,A"]
[Result "0-1"]
[WhiteElo "2739"]
[BlackElo "2760"]

1.e4 c5 2.Nf3 d6 3.d4 cxd4 4.Nxd4 Nf6 5.Nc3 a6 6.f3 e5 7.Nb3 Be6 8.Be3 Be7
9.Qd2 O-O 10.O-O-O a5 11.Bb5 Na6 12.Qe2 Qb8 13.g4 Rc8 14.g5 Ne8 15.Kb1 Nec7
16.Bc4 Bxc4 17.Qxc4 a4 18.Nc1 a3 19.b3 Ne6 20.Qd3 Nb4 21.Qd2 Ra6 22.Nd5 Nxd5
23.exd5 Nd4 24.Bxd4 exd4 25.Nd3 Qc7 26.h4 Ra5 27.f4 Rxd5 28.h5 Bf8 29.Rde1 Qc3
30.Qe2 Rdc5 31.Rh2 R5c7 32.Qg4 Qa5 33.Rhe2 Rxc2 34.g6 f5 35.Qf3 Qc3 36.Qd5+ Kh8
37.Qxf5 Rxe2 38.Rxe2 h6 39.Qe4 d5 40.Qf3 Be7 41.Qh3 Bd6 42.Qf5 Bxf4 43.Qxc8+ Qxc8
44.Nxf4 Qf5+ 45.Ka1 Qf8 46.Kb1 Kg8 47.Kc2 Qf5+ 48.Nd3 Qc8+ 49.Kd1 Kf8 50.Nf4 d3
51.Nxd3 Qc3 52.Rd2 Ke7 53.Ke2 Kd6 54.Nf4 Qe5+ 55.Kf3 d4 56.Re2 Qf5 57.Re6+ Qxe6
58.Nxe6 Kxe6 59.Ke4 Kf6 60.Kxd4 Kg5 61.Ke5 Kxh5 62.Kf5 b6  0-1

[Event "14th Chicago Open"]
[Site "Wheeling USA"]
[Date "2010.05.29"]
[Round "5"]
[White "Abrahamyan,T"]
[Black "Shabalov,A"]
[Result "1-0"]
[WhiteElo "2290"]
[BlackElo "2585"]

1.e4 c5 2.Nf3 d6 3.d4 cxd4 4.Nxd4 Nf6 5.Nc3 a6 6.f3 e5 7.Nb3 Be7 8.Be3 Be6
9.Qd2 O-O 10.O-O-O a5 11.Kb1 a4 12.Nc1 a3 13.b3 Ra5 14.g4 d5 15.g5 Nxe4 16.Nxe4 dxe4
17.Qxd8 Rxd8 18.Rxd8+ Bxd8 19.fxe4 Nc6 20.c3 Kf8 21.Nd3 b6 22.h4 Ra8 23.Bh3 Ke7
24.Ne1 Na7 25.Nd3 Nb5 26.c4 Nc3+ 27.Kc2 Nxe4 28.Nxe5 Bxh3 29.Rxh3 Bc7 30.Nc6+ Kd7
31.Nb4 Bd8 32.Nd5 Kc6 33.Bd4 g6 34.Be5 b5 35.Nb4+ Kc5 36.Nd3+ Kc6 37.Rf3 bxc4
38.bxc4 Ra4 39.Bc3 Bc7 40.Kb3 Ra7 41.Rxf7 Rb7+ 42.Nb4+ Kd6 43.Be1 Ke5  1-0

[Event "XXIX Open A"]
[Site "Zalakaros HUN"]
[Date "2010.06.03"]
[Round "9"]
[White "Kaczur,F"]
[Black "Vegh,E"]
[Result "0-1"]
[WhiteElo "1948"]
[BlackElo "2266"]

1.e4 c5 2.Nf3 d6 3.d4 cxd4 4.Nxd4 Nf6 5.Nc3 a6 6.f3 e5 7.Nb3 Be6 8.Be3 h5
9.Qd2 Nbd7 10.O-O-O Rc8 11.Kb1 b5 12.Nd5 Bxd5 13.exd5 Nb6 14.Bxb6 Qxb6 15.Bd3 g6
16.h3 h4 17.Qg5 Be7 18.Rhe1 Kf8 19.Bxg6 fxg6 20.f4 Kf7 21.fxe5 Rh5 22.e6+ Kg7
23.Qf4 Rc4 24.Rd4 Rf5 25.Rxc4 bxc4 26.Qxc4 Qf2 27.Rc1 Qxg2 28.Nd4 Rf4 29.Qc7 Nxd5
30.Qa7 Qf2 31.c3 Qe3 32.a3 Rf2 33.c4 Qd3+ 34.Ka2 Kh6 35.cxd5 Bf6 36.Rb1 Bxd4
37.Qb7 Qe4 38.Qc6 Qe5 39.Qb7 Re2 40.Qb3 Re3 41.Qb7 Rxh3 42.Qa8 Rf3 43.Rh1 h3
44.Qb7 Re3 45.e7 g5 46.Qd7 Qxd5+  0-1

[Event "45th Capablanca Mem Open"]
[Site "Havana CUB"]
[Date "2010.06.12"]
[Round "3"]
[White "Herrera Sosa,J"]
[Black "Fernandez Hernandez,A"]
[Result "0-1"]
[WhiteElo "1971"]
[BlackElo "2303"]

1.e4 c5 2.Nf3 d6 3.d4 cxd4 4.Nxd4 Nf6 5.Nc3 a6 6.f3 e5 7.Nb3 Be7 8.Be3 Be6
9.Qd2 O-O 10.O-O-O Qc7 11.g4 Rc8 12.Kb1 d5 13.Nxd5 Nxd5 14.exd5 Bxd5 15.Qf2 Qc6
16.Bd3 a5 17.a4 Bxf3 18.Rdf1 Bd5 19.Qf5 g6 20.Qxe5 Bd6 21.Qg5 Bxh1 22.Qf6 Nd7
23.Qxf7+ Kh8 24.Bh6 Be5 25.Re1 Bd5 26.Qe7 Re8 27.Qh4 Rac8  0-1

[Event "14th Master Open"]
[Site "Voronezh RUS"]
[Date "2010.06.12"]
[Round "1"]
[White "Kozlitin,O"]
[Black "Dvoirys,S"]
[Result "1/2-1/2"]
[WhiteElo "2337"]
[BlackElo "2563"]

1.e4 c5 2.Nf3 d6 3.d4 cxd4 4.Nxd4 Nf6 5.Nc3 a6 6.f3 e5 7.Nb3 Be6 8.Be3 Nbd7
9.g4 b5 10.g5 b4 11.Ne2 Nh5 12.Qd2 Be7 13.Ng3 Nxg3 14.hxg3 a5 15.f4 Qc7 16.Qf2 Bc4
17.Nc5 Bxf1 18.Nxd7 Bc4 19.Nb6 Rb8 20.b3 Be6 21.O-O-O Bd8 22.f5 Rxb6 23.Bxb6 Qxb6
24.Qxb6 Bxb6 25.fxe6 Bd4 26.Rdf1 O-O 27.exf7+ Rxf7 28.Rxf7 Kxf7 29.Rxh7  1/2-1/2

[Event "14th FIDE Open"]
[Site "Voronezh RUS"]
[Date "2010.06.19"]
[Round "7"]
[White "Davidenko,H"]
[Black "Ajrapetian,N"]
[Result "0-1"]
[WhiteElo "2017"]
[BlackElo "2071"]

1.e4 c5 2.Nf3 d6 3.d4 cxd4 4.Nxd4 Nf6 5.Nc3 a6 6.f3 e5 7.Nb3 Be6 8.Be3 Be7
9.Be2 Nbd7 10.O-O Qc7 11.Rc1 O-O 12.Nd5 Nxd5 13.exd5 Bf5 14.c4 b6 15.Bd3 Bxd3
16.Qxd3 f5 17.Nd2 Nc5 18.Qe2 a5 19.a3 a4 20.Bxc5 Qxc5+ 21.Qf2 Bg5 22.Qxc5 bxc5
23.Rc2 Be3+ 24.Kh1 Bxd2 25.Rxd2 Rab8 26.Kg1 Rb3 27.Rff2 Rfb8 28.Kf1 Re3 29.Rfe2 Rbb3
30.Rxe3 Rxe3 31.Kf2 f4 32.Re2 Rd3 33.g4 h5 34.h3 Kh7 35.Kg2 Kh6 36.Rf2 Kg5
37.Kh2 Rd1 38.Rg2 hxg4 39.Rxg4+ Kf6 40.h4 Rd2+ 41.Kg1 g6 42.h5 gxh5 43.Rg8 Rxb2
44.Rh8 Rb3 45.Rh6+ Kf5 46.Rxd6 Rxf3 47.Rc6 Rxa3 48.Rxc5 Rd3 49.Kf2 a3 50.Ra5 Rd4
51.Rxa3 Rxc4  0-1

[Event "14th Master Open"]
[Site "Voronezh RUS"]
[Date "2010.06.19"]
[Round "7"]
[White "Kozlitin,O"]
[Black "Artemiev,V"]
[Result "0-1"]
[WhiteElo "2337"]
[BlackElo "2246"]

1.e4 c5 2.Nf3 d6 3.d4 cxd4 4.Nxd4 Nf6 5.Nc3 a6 6.f3 e6 7.Be3 Be7 8.Qd2 b5
9.g4 h6 10.O-O-O b4 11.Nce2 d5 12.e5 Nfd7 13.f4 Nc5 14.Ng3 Qc7 15.Kb1 Nc6
16.Nxc6 Qxc6 17.Bd4 Rb8 18.h4 Na4 19.Ka1 Bc5 20.Rh2 a5 21.f5 Bxd4 22.Qxd4 Qc5
23.fxe6 Bxe6 24.Nf5 Kf8 25.h5 Qxd4 26.Rxd4 Nb6 27.Rhd2 g6 28.hxg6 fxg6 29.Ne3 Ke7
30.b3 h5 31.Bd3 Rbg8 32.Be2 h4 33.Bd3 h3 34.Rh2 Rh4 35.Kb2 Bf7 36.Bf1 Rgh8
37.Rd3 Ke6 38.Nd1 Kxe5 39.Rhxh3 Rxh3 40.Bxh3 g5 41.Nf2 Nd7 42.Rf3 Bg6 43.Bf1 Rf8
44.Nd3+ Kd4 45.Rxf8 Nxf8 46.a3 Bxd3 47.Bxd3 Nd7 48.axb4 axb4 49.Bf5 Ne5 50.Be6 Ng6
51.Bf5 Nf4 52.Bc8 Ke3 53.Kc1 Ke2 54.Bd7 d4 55.Bc8 Ke1 56.Bd7 Ne2+ 57.Kb2 Kd2
58.Bc8 Nf4 59.Bd7 d3 60.Bf5 dxc2 61.Bxc2 Nd3+ 62.Kb1 Kc3 63.Bd1 Nf2 64.Bf3 Kxb3
65.Bd5+ Kc3 66.Be6 Ne4 67.Bf5 Nd2+ 68.Ka2 b3+ 69.Ka3 b2 70.Ka2 b1=Q+ 71.Bxb1 Nxb1
72.Kxb1 Kd2  0-1

[Event "XXVIII Balaton GM2"]
[Site "Heviz HUN"]
[Date "2010.06.21"]
[Round "3"]
[White "Horvath,Ad1"]
[Black "Hoelzl,F"]
[Result "0-1"]
[WhiteElo "2494"]
[BlackElo "2325"]

1.e4 c5 2.Nf3 d6 3.d4 cxd4 4.Nxd4 Nf6 5.Nc3 a6 6.Be3 Ng4 7.Bc1 Nf6 8.f3 Qb6
9.Nb3 Nbd7 10.Bf4 e5 11.Bg5 h6 12.Bh4 Be7 13.Bf2 Qc7 14.Qd2 b5 15.O-O-O O-O
16.g4 b4 17.Ne2 a5 18.Kb1 a4 19.Nbc1 Nc5 20.Qxb4 a3 21.b3 Be6 22.c4 Rab8
23.Qc3 Na4 24.Qc2 Rfc8 25.Ka1 d5 26.exd5 Nxd5  0-1

[Event "MGU-9 Open"]
[Site "Sofia BUL"]
[Date "2010.07.03"]
[Round "2"]
[White "Ruschukov,Boyan"]
[Black "Petrov,Vl5"]
[Result "1-0"]
[WhiteElo "1962"]
[BlackElo "1690"]

1.e4 c5 2.Nf3 d6 3.d4 cxd4 4.Nxd4 Nf6 5.Nc3 a6 6.f3 e5 7.Nb3 Be6 8.Bg5 Be7
9.a4 Nbd7 10.Be2 O-O 11.O-O Rc8 12.Qd2 Bxb3 13.cxb3 Qb6+ 14.Kh1 Qxb3 15.a5 h6
16.Be3 Nc5 17.Ra3 Qe6 18.Qd1 Qd7 19.b4 Ne6 20.Qd2 Nc7 21.Rd1 Nfe8 22.f4 Bf6
23.f5 Kh7 24.Na4 Na8 25.Nc3 Nac7 26.Rb3 Nb5 27.Nd5 Qc6 28.Bxh6 Nd4 29.Nxf6+ Nxf6
30.Bxg7 Kxg7 31.Qg5+ Kh8 32.Qxf6+ Kg8 33.Rg3+ Kh7 34.Rh3+ Kg8 35.Qh8+  1-0

[Event "ch-SWE"]
[Site "Lund SWE"]
[Date "2010.07.09"]
[Round "7"]
[White "Abdollah Zadeh,A"]
[Black "Hillarp Persson,T"]
[Result "0-1"]
[WhiteElo "2143"]
[BlackElo "2538"]

1.e4 c5 2.Nf3 d6 3.d4 cxd4 4.Nxd4 Nf6 5.Nc3 a6 6.f3 e5 7.Nb3 Be6 8.Be3 h5
9.Qd2 Nbd7 10.O-O-O Qc7 11.h3 h4 12.Kb1 Be7 13.f4 b5 14.Nd5 Bxd5 15.exd5 Ne4
16.Qb4 Ng3 17.Rg1 O-O 18.Na5 Bf6 19.Nc6 Rfe8 20.c4 exf4 21.Bxf4 Qb6 22.Bd3 bxc4
23.Bxc4 Qxb4 24.Nxb4 Re4 25.Bxg3 hxg3 26.b3 Rxc4 27.bxc4 Rb8 28.a3 a5 29.Ka2 axb4
30.Rb1 Nc5 31.Rxb4 Re8 32.a4 Ra8 33.Rgb1 Kh7 34.R1b3 Nxb3 35.Kxb3 Bd4 36.Rb7 f5
37.Kb4 f4 38.Rf7  0-1

[Event "ch-Paris Int"]
[Site "Paris FRA"]
[Date "2010.07.09"]
[Round "7"]
[White "Solodovnichenko,Y"]
[Black "Zoler,D"]
[Result "1-0"]
[WhiteElo "2558"]
[BlackElo "2474"]

1.e4 c5 2.Nf3 d6 3.d4 cxd4 4.Nxd4 Nf6 5.Nc3 a6 6.Be3 Ng4 7.Bc1 Nf6 8.f3 g6
9.Be3 Bg7 10.Qd2 O-O 11.O-O-O b5 12.h4 h5 13.Bh6 b4 14.Nd5 Nxd5 15.exd5 Qa5
16.Bc4 Qc5 17.b3 Nd7 18.Nc6 Ne5 19.Nxe7+ Kh7 20.Bxg7 Kxg7 21.Qd4 Qxd4 22.Rxd4 Bd7
23.Nc6 Nxc6 24.dxc6 Bxc6 25.Rxd6 Rfc8 26.Re1 a5 27.Rxc6 Rxc6 28.Bd5 Rca6
29.Bxa8 Rxa8 30.Re5 Kf6 31.Rb5 Re8 32.Rxa5 Re2 33.Rg5 Kg7 34.Rb5 Rxg2 35.Rxb4 f6
36.a4 g5 37.a5 Re2 38.Kd1 Re8 39.Re4 Ra8 40.Ra4 Re8 41.a6 gxh4 42.Rxh4 Kg6
43.Ra4 Kg5 44.a7 Ra8 45.Ke2 h4 46.Kf2 f5 47.Kg2 f4 48.Kh3 Kf5 49.Ra5+  1-0

[Event "ZDMI Open"]
[Site "Dresden GER"]
[Date "2010.07.14"]
[Round "5"]
[White "Kieslich,Aaron"]
[Black "Noack,M"]
[Result "1-0"]
[WhiteElo "1801"]
[BlackElo "1961"]

1.e4 c5 2.Nf3 d6 3.d4 cxd4 4.Nxd4 Nf6 5.Nc3 a6 6.f3 e5 7.Nb3 Be6 8.Be3 Nbd7
9.Qd2 h5 10.O-O-O Rc8 11.Kb1 Qc7 12.h3 h4 13.Qf2 Be7 14.Bd3 b5 15.Ne2 d5
16.g4 d4 17.Bd2 Nc5 18.Nxc5 Qxc5 19.f4 Nd7 20.Rc1 b4 21.fxe5 Qa5 22.b3 Bc5
23.Nf4 Nxe5 24.Nxe6 fxe6 25.Rhf1 Qd8 26.Bf4 Rf8 27.Qh2 Ng6 28.Bd2 Rxf1 29.Rxf1 Bd6
30.Qf2 Ne5 31.Qxd4 Qc7 32.Qe3 Be7 33.Qe2 Rd8 34.Bc1 Qd6 35.Rd1 Nc6 36.Bb2 Bf6
37.e5 Bxe5 38.Bg6+  1-0

[Event "ZDMI Open"]
[Site "Dresden GER"]
[Date "2010.07.14"]
[Round "5"]
[White "Rothe,G"]
[Black "Nosek,R"]
[Result "1-0"]
[WhiteElo "2159"]
[BlackElo "1934"]

1.e4 c5 2.Nf3 d6 3.d4 cxd4 4.Nxd4 Nf6 5.Nc3 a6 6.f3 b5 7.Be3 Nbd7 8.a4 b4
9.Nc6 Qc7 10.Nxb4 e6 11.Qd4 Nc5 12.Be2 Be7 13.O-O Rb8 14.Rfd1 Nfd7 15.Nbd5 exd5
16.Nxd5 Qd8 17.Qxg7 Bf6 18.Nxf6+ Qxf6 19.Qxf6 Nxf6 20.Rxd6 Ne6 21.b3 Ke7
22.Rad1 Rd8 23.Rxd8 Nxd8 24.Rxd8 Kxd8 25.Bg5 Ke7 26.e5 Bf5 27.Bxf6+ Kd7 28.Bxa6 Bxc2
29.Bb5+ Ke6 30.b4 Ra8 31.Bc4+ Kf5 32.a5 Ra7 33.Bd8 Kf4 34.Bb6 Rd7 35.a6 Rd1+
36.Kf2 Rc1 37.a7 Kxe5 38.Ba5  1-0

[Event "Open A"]
[Site "Oberwart AUT"]
[Date "2010.07.15"]
[Round "3"]
[White "Schreiner,Pe"]
[Black "Hitter,G"]
[Result "1/2-1/2"]
[WhiteElo "2275"]
[BlackElo "2085"]

1.e4 c5 2.Nf3 d6 3.d4 cxd4 4.Nxd4 Nf6 5.Nc3 a6 6.f3 e5 7.Nb3 Be6 8.Be3 Be7
9.Qd2 O-O 10.O-O-O a5 11.a4 Nc6 12.Qe2 Nb4 13.Nc5 Qc8 14.Nxe6 Qxe6 15.Qc4 Rfc8
16.Qxe6 fxe6 17.Bd3 d5 18.exd5 exd5 19.Bg5 Rc5 20.Rhe1 d4 21.Ne4 Rc7 22.Bxf6 gxf6
23.Kb1 Rac8 24.Re2 Nd5 25.Ng3 Nf4 26.Rf2 Nxd3 27.Rxd3 Rc4 28.f4 exf4 29.Nf5 Kf7
30.Rxd4 Rxd4 31.Nxd4 Rc4 32.c3 Bd6 33.Rf3 Be5 34.Rd3 Kg6 35.b3 Rc5 36.Kc2 Bxd4
37.Rxd4 Rh5 38.Rxf4 Kg5 39.Rf2 Rxh2 40.b4 axb4 41.cxb4 f5 42.a5 f4 43.Kd3 Rh6
44.Kc4 Rc6+ 45.Kb5 h5 46.Rd2 Rc7 47.Kb6 Rg7 48.Rf2 Kg4 49.Rf3 h4 50.b5 Kf5
51.Rf2 Kg4 52.Rf3 Kf5 53.Rh3 Rxg2 54.Kxb7 Kg4 55.Rh1 f3 56.a6 f2 57.Rf1 Kf3
58.a7 Rg7+ 59.Ka6 Rxa7+ 60.Kxa7 Ke2  1/2-1/2

[Event "1st Open"]
[Site "Vaujany FRA"]
[Date "2010.07.15"]
[Round "6"]
[White "Moal,A"]
[Black "Das,Arg"]
[Result "0-1"]
[WhiteElo "2207"]
[BlackElo "2486"]

1.e4 c5 2.Nf3 d6 3.d4 cxd4 4.Nxd4 Nf6 5.Nc3 a6 6.f3 e5 7.Nb3 Be6 8.Be3 Be7
9.Qd2 O-O 10.O-O-O a5 11.Bb5 Na6 12.Kb1 Nc7 13.Bb6 Qc8 14.Ba4 d5 15.Bxc7 Qxc7
16.exd5 Rfd8 17.Nb5 Qc4 18.Nc3 Nxd5 19.Qxd5 Rxd5 20.Rxd5 Bxd5 21.Bb5 Qb4
22.a3 Qd6 23.Rd1 Qb6 24.Rxd5 Rd8 25.Bd7 Qc7 26.Nb5 Qc4 27.Rd3 Rxd7 28.Rxd7 Qxb5
29.Rxe7 f5 30.a4 Qf1+ 31.Ka2 Qxg2 32.Rxe5 Qxf3 33.Rxa5 f4 34.Rb5 Qc6 35.Rb4 f3
36.Rf4 g5 37.Rf5 Qxa4+ 38.Kb1 Qg4 39.Rb5 f2 40.Nd2 Qd1+  0-1

[Event "2nd Open"]
[Site "Rethymno GRE"]
[Date "2010.07.19"]
[Round "8"]
[White "Delabaca,R"]
[Black "Smirnov,Arte"]
[Result "0-1"]
[WhiteElo "2220"]
[BlackElo "2446"]

1.e4 c5 2.Nf3 d6 3.d4 cxd4 4.Nxd4 Nf6 5.Nc3 a6 6.f3 Qb6 7.Nb3 e6 8.Qe2 Nc6
9.Be3 Qc7 10.O-O-O Be7 11.g4 b5 12.Qf2 O-O 13.Kb1 Bb7 14.g5 Nd7 15.h4 Rac8
16.h5 b4 17.Ne2 Nce5 18.Ned4 d5 19.g6 dxe4 20.h6 fxg6 21.Bh3 Rf7 22.Bxe6 exf3
23.hxg7 Nf6 24.Bf4 Nd3 25.Rxd3 Qxf4 26.Bxc8 Ne4 27.Qe3 Bxc8 28.Qxf4 Rxf4
29.Rxf3 Rxf3 30.Nxf3 Bb7 31.Re1 Bf6 32.Nfd4 Kxg7 33.Ne6+ Kf7 34.Nec5 Nxc5
35.Nxc5 Bc8 36.Ne4 Be7 37.Kc1 g5 38.Kd2 h5 39.Ke3 h4 40.Rd1 Be6 41.Kd4 Kg6
42.Ke5 Bc8 43.Rf1 h3 44.c4 bxc3 45.bxc3 Bd8 46.Rf8 Bc7+ 47.Nd6 g4 48.Rxc8 Bxd6+
49.Kxd6 h2 50.Rh8 g3 51.Rh3 g2 52.Rg3+ Kf5 53.Rxg2 h1=Q  0-1